00577 2200217 4500001002100000005001500021035002000036007000300056008004100059020002200100082001000122084001600132100001900148245006100167260003800228300002200266504002600288600002300314990001100337990001100348INLIS00000000000329120190608101926 a0010-0619000040ta190608 g 0 ind  a978-602-95989-4-7 a621.3 a621.3 FER j0 aFERI, Tjahjono1 aJago Pintar Elektronik /cFeri Tjahjono; penyunting, /ri aYogyakarta :bIstana Media,c2018 a83 hlm. ;c21 cm. aBibliografi : hlm. 83 4aTEKNOLOGI. LISTRIK a6723 a a6723 b